[Event "Northern Alberta op"]
[Site "Edmonton CAN"]
[Date "2013.02.17"]
[Round "4"]
[White "Gardner, Robert"]
[Black "Porper, Edward"]
[Result "0-1"]
[WhiteElo "2355"]
[BlackElo "2490"]
[PlyCount "42"]
[EventDate "2013.02.16"]
[EventType "swiss"]
[EventRounds "5"]
[EventCountry "CAN"]

1. d4 Nf6 2. c4 Nc6 3. f4 d5 4. Nf3 Bf5 5. e3 e6 6. Be2 Nb4 7. Na3 Be7 8. O-O
O-O 9. b3 c5 10. Bb2 Ne4 11. dxc5 Bxc5 12. Nd4 Nd6 13. Rf3 Bg6 14. cxd5 Nxd5
15. Rc1 Ne4 16. Bd3 Nxe3 17. Rxe3 Bxd4 18. Bxd4 Qxd4 19. Qe1 Rac8 20. Rd1 Nc3
21. Rd2 Nd5 0-1

[Event "Northern Alberta op"]
[Site "Edmonton CAN"]
[Date "2013.02.17"]
[Round "5"]
[White "Porper, Edward"]
[Black "Pechenkin, Vladimir"]
[Result "1/2-1/2"]
[WhiteElo "2490"]
[BlackElo "2439"]
[PlyCount "57"]
[EventDate "2013.02.16"]
[EventType "swiss"]
[EventRounds "5"]
[EventCountry "CAN"]

1. b3 e5 2. Bb2 d6 3. e3 g6 4. f4 Bg7 5. Nf3 Nc6 6. Na3 Qe7 7. Bb5 Bd7 8. O-O
f5 9. d4 e4 10. Ng5 h6 11. Nh3 Nf6 12. Be2 Ng4 13. Qd2 O-O-O 14. Nc4 Rdg8 15.
d5 Nd8 16. Bxg7 Qxg7 17. Bxg4 fxg4 18. Nf2 Re8 19. Rad1 Kb8 20. Qb4 g5 21. Nh1
h5 22. fxg5 h4 23. Rf4 g3 24. Nxd6 cxd6 25. Qxd6+ Ka8 26. Qf6 Qxf6 27. gxf6
gxh2+ 28. Kxh2 Nf7 29. Nf2 1/2-1/2

[Event "Olympiad"]
[Site "Istanbul TUR"]
[Date "2012.08.28"]
[Round "1"]
[White "Porper, Edward"]
[Black "Bazil, Joslin"]
[Result "1-0"]
[WhiteElo "2418"]
[BlackElo "1812"]
[PlyCount "67"]
[EventDate "2012.08.28"]
[EventType "team"]
[EventRounds "11"]
[EventCountry "TUR"]
[WhiteTeam "Canada"]
[BlackTeam "Haiti"]
[WhiteTeamCountry "CAN"]
[BlackTeamCountry "HAI"]

1. d4 d5 2. c4 e6 3. Nc3 Nf6 4. cxd5 exd5 5. Bg5 Be7 6. e3 O-O 7. Bd3 Re8 8.
Qc2 Nbd7 9. Nge2 Nf8 10. O-O c6 11. f3 Nh5 12. Bxe7 Qxe7 13. e4 Nf6 14. e5 N6d7
15. f4 Nb6 16. Rae1 c5 17. Nb5 c4 18. Bf5 Bxf5 19. Qxf5 Nc8 20. Qg4 a6 21. Nbc3
Nb6 22. f5 f6 23. Ng3 Kh8 24. Nh5 Qf7 25. Qh4 Rad8 26. e6 Qe7 27. Rf3 Qc7 28.
Rg3 Re7 29. Nxf6 Rd6 30. Nfxd5 Rxd5 31. f6 g5 32. fxe7 Qxe7 33. Nxd5 Nxd5 34.
Qxg5 1-0

[Event "Olympiad"]
[Site "Istanbul TUR"]
[Date "2012.08.31"]
[Round "4"]
[White "Gunbayar, Myagmarsuren"]
[Black "Porper, Edward"]
[Result "1/2-1/2"]
[WhiteElo "2358"]
[BlackElo "2418"]
[PlyCount "148"]
[EventDate "2012.08.28"]
[EventType "team"]
[EventRounds "11"]
[EventCountry "TUR"]
[WhiteTeam "Mongolia"]
[BlackTeam "Canada"]
[WhiteTeamCountry "MGL"]
[BlackTeamCountry "CAN"]

1. e4 d6 2. d4 Nf6 3. Bd3 e5 4. c3 Nbd7 5. Nf3 Be7 6. O-O O-O 7. Re1 c6 8. Nbd2
Qc7 9. Nf1 Re8 10. Ng3 Nf8 11. Qc2 Bg4 12. Nh4 g6 13. h3 Bd7 14. Bh6 Ne6 15.
Nf3 Kh8 16. Qd2 Ng8 17. Be3 Bf6 18. Rad1 Rad8 19. Bc4 Bc8 20. Bb3 b6 21. Qc1
Bb7 22. dxe5 dxe5 23. Rxd8 Qxd8 24. Rd1 Qc7 25. Bxe6 Rxe6 26. Bg5 Bxg5 27. Qxg5
f6 28. Qd2 Re7 29. Qd8 Qxd8 30. Rxd8 Kg7 31. Nd2 Nh6 32. Nc4 Nf7 33. Rd2 Kf8
34. f3 Rc7 35. Kf2 Ke7 36. h4 Bc8 37. Ne3 Be6 38. a3 Nd6 39. h5 Rd7 40. hxg6
hxg6 41. Ngf1 f5 42. exf5 gxf5 43. g3 Rd8 44. Ke1 Rh8 45. Nd1 a5 46. Rh2 Rxh2
47. Nxh2 Nc4 48. f4 exf4 49. gxf4 a4 50. Nf3 Kd6 51. Nd2 Kd5 52. Nxc4 Kxc4 53.
Kd2 Kb3 54. Kc1 Bd5 55. Nf2 Kc4 56. Kc2 b5 57. Kd2 Kb3 58. Kc1 Kc4 59. Kd2 Kb3
60. Kc1 Kc4 61. Kc2 c5 62. Nd1 Be4+ 63. Kd2 Kb3 64. Kc1 b4 65. cxb4 cxb4 66.
axb4 Kxb4 67. Nf2 Bd5 68. Nd1 Be6 69. Kd2 Kc4 70. Nc3 Bd7 71. Ne2 Kb3 72. Kc1
Kc4 73. Kd2 Kb3 74. Kc1 Kc4 1/2-1/2

[Event "Olympiad"]
[Site "Istanbul TUR"]
[Date "2012.09.04"]
[Round "7"]
[White "Stupak, Kirill"]
[Black "Porper, Edward"]
[Result "1-0"]
[WhiteElo "2523"]
[BlackElo "2418"]
[PlyCount "105"]
[EventDate "2012.08.28"]
[EventType "team"]
[EventRounds "11"]
[EventCountry "TUR"]
[WhiteTeam "Belarus"]
[BlackTeam "Canada"]
[WhiteTeamCountry "BLR"]
[BlackTeamCountry "CAN"]

1. d4 d5 2. Nf3 c6 3. c4 Nf6 4. Nc3 e6 5. Bg5 dxc4 6. e4 b5 7. e5 h6 8. Bh4 g5
9. Nxg5 hxg5 10. Bxg5 Nbd7 11. g3 Rg8 12. h4 Rxg5 13. hxg5 Nd5 14. g6 fxg6 15.
Qg4 Qe7 16. Bg2 Kd8 17. Qxg6 Bg7 18. Ne4 Nf8 19. Qg4 a5 20. a3 Ra7 21. Nd6 Ba6
22. Rh5 a4 23. Be4 Rc7 24. Bg6 Nxg6 25. Qxg6 Rd7 26. Rh7 Nb6 27. Rd1 Bc8 28. f4
Qf8 29. Qg5+ Re7 30. Qg6 Nd5 31. Rd2 Bd7 32. Rdh2 Kc7 33. R2h4 b4 34. Nxc4 bxa3
35. bxa3 Qb8 36. Qc2 Qa7 37. Nd6 Qa5+ 38. Qd2 Qb6 39. Kf2 c5 40. Qc2 Bc6 41.
Qxc5 Qb2+ 42. Kg1 Kd7 43. Nc8 Qb1+ 44. Kh2 Qb2+ 45. Kh3 Nxf4+ 46. Rxf4 Qg2+ 47.
Kg4 Qe2+ 48. Kg5 Bf6+ 49. Kxf6 Rxh7 50. Qd6+ Kxc8 51. Qxc6+ Kb8 52. Qd6+ Rc7
53. d5 1-0

[Event "Olympiad"]
[Site "Istanbul TUR"]
[Date "2012.09.05"]
[Round "8"]
[White "Porper, Edward"]
[Black "Ashraf, Ahmed"]
[Result "1-0"]
[WhiteElo "2418"]
[BlackElo "1784"]
[PlyCount "87"]
[EventDate "2012.08.28"]
[EventType "team"]
[EventRounds "11"]
[EventCountry "TUR"]
[WhiteTeam "Canada"]
[BlackTeam "Maldives"]
[WhiteTeamCountry "CAN"]
[BlackTeamCountry "MDV"]

1. d4 Nf6 2. c4 e6 3. Nf3 d5 4. Nc3 Bb4 5. cxd5 Nxd5 6. Bd2 c5 7. a3 Bxc3 8.
bxc3 cxd4 9. cxd4 O-O 10. e4 Nf6 11. Bd3 Nc6 12. e5 Nxe5 13. dxe5 Qxd3 14. exf6
b6 15. Bb4 Qe4+ 16. Qe2 Qxe2+ 17. Kxe2 Ba6+ 18. Ke3 Rfd8 19. Rhd1 Bb7 20. Be7
Rd5 21. Rxd5 Bxd5 22. Rc1 gxf6 23. Bxf6 b5 24. Ne5 a5 25. Rc7 b4 26. Nxf7 bxa3
27. Nd6 a2 28. Rg7+ Kf8 29. Rc7 Rd8 30. Rc8 Rxc8 31. Nxc8 Bxg2 32. Nd6 Bd5 33.
Kf4 h6 34. Bc3 Ke7 35. Ne4 Kd7 36. Ke5 Kc6 37. f4 Kb5 38. Nd2 Kc6 39. h4 a4 40.
h5 Kc5 41. Kf6 Kd6 42. Kg6 Ke7 43. Kxh6 Kf7 44. Kg5 1-0

[Event "Olympiad"]
[Site "Istanbul TUR"]
[Date "2012.09.07"]
[Round "10"]
[White "Smith, Axel"]
[Black "Porper, Edward"]
[Result "1/2-1/2"]
[WhiteElo "2503"]
[BlackElo "2418"]
[PlyCount "61"]
[EventDate "2012.08.28"]
[EventType "team"]
[EventRounds "11"]
[EventCountry "TUR"]
[WhiteTeam "Sweden"]
[BlackTeam "Canada"]
[WhiteTeamCountry "SWE"]
[BlackTeamCountry "CAN"]

1. e4 e6 2. d4 d5 3. Nc3 Bb4 4. e5 c5 5. a3 Bxc3+ 6. bxc3 Qa5 7. Bd2 Qa4 8. Qg4
g6 9. Qd1 b6 10. h4 h5 11. Bg5 Nc6 12. Nf3 Ba6 13. Bxa6 Qxa6 14. dxc5 bxc5 15.
Qe2 Qb6 16. O-O Rb8 17. c4 Qa6 18. Rfb1 Nge7 19. Bxe7 Kxe7 20. Qe3 Qxc4 21.
Qg5+ Kd7 22. Qf6 Qxc2 23. Qxf7+ Ne7 24. Rc1 Qf5 25. Qxf5 Nxf5 26. Rxc5 Rhc8 27.
Rxc8 Rxc8 28. Rb1 Rc3 29. Rb7+ Rc7 30. Rb1 Rc3 31. Rb7+ 1/2-1/2

[Event "Olympiad"]
[Site "Istanbul TUR"]
[Date "2012.09.09"]
[Round "11"]
[White "Rama, Lorenc"]
[Black "Porper, Edward"]
[Result "1-0"]
[WhiteElo "2292"]
[BlackElo "2418"]
[PlyCount "119"]
[EventDate "2012.08.28"]
[EventType "team"]
[EventRounds "11"]
[EventCountry "TUR"]
[WhiteTeam "Albania"]
[BlackTeam "Canada"]
[WhiteTeamCountry "ALB"]
[BlackTeamCountry "CAN"]

1. Nf3 d5 2. d4 c6 3. e3 Nf6 4. Bd3 Bg4 5. h3 Bh5 6. c4 e6 7. O-O Nbd7 8. Nbd2
Be7 9. b3 O-O 10. Bb2 Bg6 11. Bxg6 hxg6 12. Qc2 a5 13. a3 Qb6 14. c5 Qb5 15.
Bc3 b6 16. b4 a4 17. Ne1 g5 18. f3 Nh5 19. Qd3 Qxd3 20. Nxd3 b5 21. g4 Nhf6 22.
e4 Rad8 23. Rfe1 Rfe8 24. Nf1 Nh7 25. Ng3 Nhf8 26. Re2 Nb8 27. Rf1 Ng6 28. e5
Nd7 29. Nh5 Ndf8 30. Bd2 Nh4 31. f4 gxf4 32. Nhxf4 Nhg6 33. Ref2 Nxf4 34. Nxf4
Nh7 35. Nd3 Rf8 36. Kg2 Bh4 37. Re2 Rde8 38. Be1 Bxe1 39. Rexe1 Ng5 40. Nf2 f5
41. exf6 Rxf6 42. Nd3 Ne4 43. Ne5 Rc8 44. h4 Nd2 45. Rf2 Ne4 46. Rff1 Nd2 47.
Rxf6 gxf6 48. Nf3 Nc4 49. Rxe6 Kf7 50. Re2 Nxa3 51. g5 Nc4 52. Kg3 Ra8 53. h5
fxg5 54. Nxg5+ Kf8 55. h6 a3 56. Ra2 Nb2 57. Kg4 Nd3 58. Kf5 Nxb4 59. Kf6 Ra7
60. Rxa3 1-0

[Event "Edmonton-ch"]
[Site "Edmonton CAN"]
[Date "2012.01.05"]
[Round "1"]
[White "Porper, Edward"]
[Black "Majaducon, Willy"]
[Result "1-0"]
[WhiteElo "2441"]
[BlackElo "1809"]
[PlyCount "71"]
[EventDate "2012.01.05"]
[EventType "k.o."]
[EventRounds "8"]
[EventCountry "CAN"]

1. d4 d5 2. c4 e6 3. Nc3 Nf6 4. cxd5 exd5 5. Bg5 Be7 6. e3 c6 7. Qc2 O-O 8. Bd3
h6 9. Bh4 Re8 10. Nge2 Nbd7 11. Bg3 Nf8 12. h3 Bd6 13. Bh4 Be7 14. O-O Bd7 15.
a3 b5 16. f3 b4 17. axb4 Bxb4 18. e4 dxe4 19. fxe4 g5 20. Bg3 Bxc3 21. bxc3 Qe7
22. Be5 Nh5 23. Ng3 Nxg3 24. Bxg3 Be6 25. Qe2 Ng6 26. Qh5 Kg7 27. e5 Rg8 28.
Rf6 Kh7 29. h4 gxh4 30. Bxh4 Qf8 31. Raf1 Qg7 32. Rxe6 fxe6 33. Rf6 a5 34. Bg5
Ra7 35. Rxg6 Qxg6 36. Qxh6# 1-0

[Event "Southern Alberta op"]
[Site "Calgary CAN"]
[Date "2011.11.19"]
[Round "1.1"]
[White "Persaud, Hemant"]
[Black "Porper, Edward"]
[Result "0-1"]
[WhiteElo "1772"]
[BlackElo "2525"]
[PlyCount "87"]
[EventDate "2011.11.19"]
[EventType "swiss"]
[EventRounds "5"]
[EventCountry "CAN"]

1. d4 Nf6 2. c4 e6 3. Nc3 Bb4 4. Qc2 Nc6 5. Nf3 d6 6. a3 Bxc3+ 7. Qxc3 a5 8. b3
O-O 9. Bg5 Re8 10. e3 e5 11. d5 Nb8 12. Nd2 Nbd7 13. e4 c6 14. Bxf6 Nxf6 15.
Be2 Qb6 16. h3 Qd4 17. Qxd4 exd4 18. O-O Bd7 19. Bf3 g5 20. Kh2 h5 21. g3 g4
22. hxg4 hxg4 23. Bg2 Rac8 24. Rfe1 Re7 25. Rac1 Rce8 26. dxc6 bxc6 27. c5 d5
28. f4 gxf3 29. Nxf3 d3 30. e5 Ng4+ 31. Kg1 Nxe5 32. Rxe5 Rxe5 33. Nxe5 Rxe5
34. Rd1 Re3 35. Kf2 Re2+ 36. Kf3 Bf5 37. Bf1 Be4+ 38. Kf4 Rf2+ 39. Ke5 d2 40.
Bb5 Bc2 41. Rxd2 Rxd2 42. Bxc6 Bxb3 43. Bb7 d4 44. c6 0-1

[Event "Southern Alberta op"]
[Site "Calgary CAN"]
[Date "2011.11.19"]
[Round "2.1"]
[White "Porper, Edward"]
[Black "Wen, Jean-Francois"]
[Result "0-1"]
[WhiteElo "2525"]
[BlackElo "2144"]
[PlyCount "86"]
[EventDate "2011.11.19"]
[EventType "swiss"]
[EventRounds "5"]
[EventCountry "CAN"]

1. d4 d5 2. c4 c6 3. Nf3 Nf6 4. Nc3 dxc4 5. a4 Bf5 6. Ne5 Nbd7 7. Nxc4 Qc7 8.
Bg5 e5 9. Bxf6 gxf6 10. e4 exd4 11. Qxd4 Bc5 12. Qd3 Be6 13. Qg3 O-O-O 14.
Qxc7+ Kxc7 15. Be2 Ne5 16. Nxe5 fxe5 17. Rc1 Bb4 18. Bf3 Rd4 19. O-O Bxc3 20.
Rxc3 Rxa4 21. Rd1 Rd8 22. Rxd8 Kxd8 23. Kf1 Rb4 24. Rc2 Rd4 25. Ke1 Kc7 26. h4
b6 27. h5 h6 28. Rd2 c5 29. Rxd4 cxd4 30. Be2 a5 31. g3 Kc6 32. f4 f6 33. fxe5
fxe5 34. g4 Bg8 35. g5 hxg5 36. h6 Kd6 37. Bg4 b5 38. Kd2 a4 39. Bd1 Bh7 40.
Kd3 Kc5 41. Bg4 b4 42. Bf5 a3 43. bxa3 bxa3 0-1

[Event "Southern Alberta op"]
[Site "Calgary CAN"]
[Date "2011.11.20"]
[Round "4.3"]
[White "Porper, Edward"]
[Black "Beaudry, Lukas"]
[Result "0-1"]
[WhiteElo "2525"]
[BlackElo "2023"]
[PlyCount "78"]
[EventDate "2011.11.19"]
[EventType "swiss"]
[EventRounds "5"]
[EventCountry "CAN"]

1. d4 d5 2. c4 e6 3. Nf3 Nf6 4. Nc3 c5 5. cxd5 exd5 6. g3 Nc6 7. Bg2 Be7 8. O-O
O-O 9. dxc5 d4 10. Na4 Bf5 11. Ne1 Re8 12. Nd3 Qd7 13. Bd2 Ne4 14. Be1 Bf6 15.
Rc1 Bg5 16. Rc2 Rad8 17. f4 Bf6 18. Rc1 Bh3 19. Bxh3 Qxh3 20. Nf2 Nxf2 21. Rxf2
d3 22. exd3 Bd4 23. Rcc2 Re3 24. Rce2 Qg4 25. Kg2 h5 26. Qd2 Rde8 27. Nc3 h4
28. Rxe3 Rxe3 29. Ne2 h3+ 30. Kf1 Qe6 31. b4 Qd5 32. b5 Qh1+ 33. Ng1 Ne7 34. g4
Nd5 35. c6 bxc6 36. bxc6 Bb6 37. d4 Re7 38. Rf3 Bxd4 39. Rg3 Bxg1 0-1

[Event "Edmonton Fall Sectional A"]
[Site "Edmonton CAN"]
[Date "2011.10.28"]
[Round "1"]
[White "Porper, Edward"]
[Black "Rekhson, Vladislav"]
[Result "1/2-1/2"]
[WhiteElo "2521"]
[BlackElo "2041"]
[PlyCount "116"]
[EventDate "2011.10.28"]
[EventType "tourn"]
[EventRounds "5"]
[EventCountry "CAN"]

1. d4 Nf6 2. c4 e6 3. Nf3 Bb4+ 4. Bd2 Qe7 5. g3 Nc6 6. Nc3 Bxc3 7. Bxc3 Ne4 8.
Rc1 O-O 9. Bg2 d6 10. O-O Nxc3 11. Rxc3 e5 12. d5 Nb8 13. Ne1 a5 14. f4 e4 15.
Qd4 f5 16. Ra3 b6 17. Nc2 Na6 18. Re3 Nb4 19. Qc3 Nxc2 20. Qxc2 Qf6 21. Qc3
Qxc3 22. Rxc3 Bd7 23. b3 Rfe8 24. Kf2 Kf7 25. Ke3 h5 26. h4 Ra7 27. a3 Rea8 28.
Rfc1 Ke7 29. Bf1 Kd8 30. Kd4 Ke7 31. R1c2 Kd8 32. e3 Ke7 33. Be2 g6 34. Rb2 Be8
35. Bd1 Bd7 36. Rh2 Rh8 37. Bc2 Kf6 38. Bb1 Ke7 39. Rcc2 Kf6 40. Ra2 Ke7 41.
Rhb2 Rha8 42. Kc3 Kf6 43. b4 axb4+ 44. axb4 Rxa2 45. Rxa2 Rxa2 46. Bxa2 c5 47.
dxc6 Bxc6 48. Kd4 Ke7 49. Bb3 Kf6 50. Kc3 Ke7 51. Kb2 Kf6 52. Ka3 Ke7 53. Kb2
Kf8 54. Kc3 Ke7 55. Kd4 Kf6 56. c5 dxc5+ 57. bxc5 bxc5+ 58. Kxc5 Bd7 1/2-1/2

[Event "Edmonton Fall Sectional A"]
[Site "Edmonton CAN"]
[Date "2011.10.29"]
[Round "2"]
[White "Purewal, Sardul"]
[Black "Porper, Edward"]
[Result "0-1"]
[WhiteElo "2026"]
[BlackElo "2521"]
[PlyCount "60"]
[EventDate "2011.10.28"]
[EventType "tourn"]
[EventRounds "5"]
[EventCountry "CAN"]

1. e4 d6 2. d4 Nf6 3. Bd3 e5 4. dxe5 dxe5 5. Be3 Ng4 6. Bd2 Bc5 7. Nh3 O-O 8.
Bg5 Bxf2+ 9. Nxf2 Qxg5 10. Nxg4 Bxg4 11. Qd2 Qxd2+ 12. Nxd2 Nc6 13. Nc4 Rad8
14. Ne3 Be6 15. a3 Nd4 16. O-O-O f6 17. Rhf1 Bf7 18. g4 Ne6 19. c3 Nc5 20. Bc2
Bb3 21. Rxd8 Rxd8 22. Bb1 h6 23. Re1 Kh7 24. Re2 Nd3+ 25. Bxd3 Rxd3 26. Re1 Kg6
27. Nc2 Kg5 28. Na1 Be6 29. Kc2 Rh3 30. Re2 Bxg4 0-1

[Event "Edmonton Fall Sectional A"]
[Site "Edmonton CAN"]
[Date "2011.10.29"]
[Round "3"]
[White "Porper, Edward"]
[Black "Gardner, Robert"]
[Result "1-0"]
[WhiteElo "2521"]
[BlackElo "2300"]
[PlyCount "55"]
[EventDate "2011.10.28"]
[EventType "tourn"]
[EventRounds "5"]
[EventCountry "CAN"]

1. d4 Nf6 2. c4 e6 3. Nf3 b6 4. g3 Bb7 5. Bg2 Be7 6. O-O O-O 7. Re1 a5 8. Bg5
Ne4 9. Bxe7 Qxe7 10. Nfd2 f5 11. Nxe4 fxe4 12. Nc3 d5 13. f3 dxc4 14. Nxe4 Bxe4
15. fxe4 b5 16. a4 c6 17. e5 Ra7 18. Qd2 Qd8 19. e3 Qb6 20. Bh3 Re8 21. Rf1 c5
22. d5 exd5 23. Qxd5+ Kh8 24. axb5 Qxb5 25. Qd6 h6 26. Rf8+ Rxf8 27. Qxf8+ Kh7
28. Rf1 1-0

[Event "Edmonton Fall Sectional A"]
[Site "Edmonton CAN"]
[Date "2011.10.30"]
[Round "4"]
[White "Haynes, Nicolas"]
[Black "Porper, Edward"]
[Result "0-1"]
[WhiteElo "2339"]
[BlackElo "2521"]
[PlyCount "90"]
[EventDate "2011.10.28"]
[EventType "tourn"]
[EventRounds "5"]
[EventCountry "CAN"]

1. Nf3 d5 2. g3 c6 3. Bg2 Bg4 4. O-O Nd7 5. d3 e5 6. Nbd2 Ngf6 7. h3 Bh5 8. e4
dxe4 9. dxe4 Bc5 10. Qe2 O-O 11. c3 a5 12. a4 Qc7 13. g4 Bg6 14. Nh4 Rfd8 15.
Nf5 Ne8 16. h4 f6 17. b4 axb4 18. cxb4 Bf8 19. Bb2 Bf7 20. Bc3 g6 21. Ne3 Ng7
22. Rfd1 Ne6 23. Nf3 Nf4 24. Qb2 Nb6 25. Rxd8 Qxd8 26. a5 Nc4 27. Nxc4 Bxc4 28.
Qc2 Qd3 29. Qxd3 Bxd3 30. Bf1 Bxe4 31. Nd2 Bd5 32. g5 fxg5 33. hxg5 Ne6 34. Nc4
Nxg5 35. Nxe5 Bg7 36. Bg2 Bxg2 37. Kxg2 Ne4 38. Bb2 Rf8 39. f3 Rd8 40. fxe4
Rd2+ 41. Kf3 Rxb2 42. Nd3 Rxb4 43. Nxb4 Bxa1 44. Ke3 Bc3 45. Nxc6 bxc6 0-1

[Event "Edmonton Fall Sectional A"]
[Site "Edmonton CAN"]
[Date "2011.10.30"]
[Round "5"]
[White "Porper, Edward"]
[Black "Yam, Alex"]
[Result "1-0"]
[WhiteElo "2521"]
[BlackElo "2293"]
[PlyCount "117"]
[EventDate "2011.10.28"]
[EventType "tourn"]
[EventRounds "5"]
[EventCountry "CAN"]

1. d4 Nf6 2. c4 c5 3. d5 e6 4. Nc3 exd5 5. cxd5 d6 6. e4 g6 7. h3 Bg7 8. Nf3
O-O 9. Bd3 a6 10. O-O Nh5 11. Bg5 Bf6 12. Bh6 Bg7 13. Bxg7 Kxg7 14. Qd2 Nd7 15.
Rfe1 Ne5 16. Be2 Nf6 17. Nxe5 dxe5 18. a4 b6 19. Rab1 Qd6 20. Bf1 Re8 21. b3
Bd7 22. Qb2 Rec8 23. Re3 c4 24. bxc4 Rab8 25. Qa1 Rc5 26. Nd1 Ra5 27. Nb2 Re8
28. Nd3 Bc8 29. Rb4 Nd7 30. Qb2 f6 31. h4 Qc7 32. Qb1 Kg8 33. Be2 Rf8 34. h5
Kg7 35. Rg3 Nc5 36. Nxc5 bxc5 37. Rb6 Rxa4 38. Rc6 Qa5 39. Kh2 Ra1 40. Rxc5
Qxc5 41. Qxa1 Qxf2 42. Qf1 Qd4 43. Bd3 f5 44. Qg1 Qxg1+ 45. Kxg1 fxe4 46. Bxe4
Rf4 47. Re3 Bf5 48. Bxf5 gxf5 49. c5 Rc4 50. c6 Kf6 51. Rb3 Ke7 52. Rb7+ Kd8
53. Rxh7 a5 54. Rd7+ Kc8 55. h6 Rh4 56. h7 a4 57. Rg7 a3 58. d6 Kb8 59. Rb7+
1-0

[Event "Battle of Alberta"]
[Site "Red Deer CAN"]
[Date "2011.09.24"]
[Round "1.1"]
[White "Yam, Alex"]
[Black "Porper, Edward"]
[Result "1/2-1/2"]
[WhiteElo "2290"]
[BlackElo "2522"]
[PlyCount "55"]
[EventDate "2011.09.24"]
[EventType "team"]
[EventRounds "2"]
[EventCountry "CAN"]

1. e4 d5 2. exd5 Qxd5 3. Nc3 Qd8 4. d4 Nf6 5. Nf3 g6 6. Bc4 Bg7 7. O-O O-O 8.
h3 b6 9. Bg5 Bb7 10. Re1 Nc6 11. a3 h6 12. Be3 e6 13. Qd2 Ne7 14. Ne5 Nf5 15.
Rad1 Nxe3 16. Qxe3 Nd5 17. Nxd5 Bxd5 18. Bxd5 Qxd5 19. c4 Qd6 20. Qf3 a5 21. c5
Qe7 22. b4 axb4 23. axb4 Bxe5 24. Rxe5 Rfd8 25. Rde1 bxc5 26. bxc5 Qf8 27. d5
exd5 28. Rxd5 1/2-1/2

[Event "Edmonton int."]
[Site "Edmonton CAN"]
[Date "2011.07.27"]
[Round "1"]
[White "Porper, Edward"]
[Black "Valencia, Belsar"]
[Result "1-0"]
[WhiteElo "2444"]
[BlackElo "2204"]
[PlyCount "153"]
[EventDate "2011.07.24"]
[EventType "tourn"]
[EventRounds "9"]
[EventCountry "CAN"]
[EventCategory "4"]
[TimeControl "5400"]

1. d4 Nf6 2. c4 e6 3. Nf3 Bb4+ 4. Bd2 c5 5. g3 b6 6. Bg2 Bb7 7. O-O Bxd2 8.
Qxd2 O-O 9. Nc3 d5 10. cxd5 exd5 11. Ne5 Nbd7 12. Rfd1 Re8 13. Nc4 Qe7 14. Ne3
Rad8 15. Qc2 Nf8 16. Rac1 Ne6 17. Nf5 Qc7 18. e3 g6 19. Nh4 cxd4 20. exd4 Qb8
21. Nf3 Ne4 22. Qa4 Re7 23. Ne2 Rc7 24. Rxc7 Nxc7 25. Ne5 Ne6 26. Rc1 a5 27.
Nc6 Bxc6 28. Qxc6 Rd6 29. Qb5 Nf6 30. Bh3 Kg7 31. Bxe6 Rxe6 32. Nf4 Rd6 33. a4
g5 34. Nd3 Qe8 35. Qxe8 Nxe8 36. f3 Re6 37. Kf2 Nd6 38. g4 Nc4 39. b4 axb4 40.
Nxb4 Nb2 41. Ra1 Rd6 42. a5 bxa5 43. Rxa5 h6 44. Nxd5 Nd1+ 45. Ke1 Nb2 46. Rb5
Nc4 47. Ke2 Ra6 48. Kd3 Nd6 49. Rb6 Ra3+ 50. Nc3 Nc8 51. Rb1 Kf6 52. Kc4 Nd6+
53. Kb4 Ra8 54. Nd5+ Kg7 55. Kc5 Ne8 56. Ne7 Kf6 57. Nf5 Rc8+ 58. Kd5 Rd8+ 59.
Kc6 h5 60. d5 hxg4 61. fxg4 Ke5 62. Re1+ Kf4 63. h3 Kf3 64. d6 Kg2 65. Re3 Nf6
66. Ne7 Ne8 67. Nf5 Nf6 68. Rd3 Rc8+ 69. Kb7 Rh8 70. Kc7 Rxh3 71. Rxh3 Kxh3 72.
Nh6 Nxg4 73. Nxg4 Kxg4 74. d7 f5 75. d8=Q f4 76. Qd3 f3 77. Qe3 1-0

[Event "Edmonton int."]
[Site "Edmonton CAN"]
[Date "2011.07.28"]
[Round "3"]
[White "Porper, Edward"]
[Black "Wang, Richard"]
[Result "1-0"]
[WhiteElo "2444"]
[BlackElo "2240"]
[PlyCount "97"]
[EventDate "2011.07.24"]
[EventType "tourn"]
[EventRounds "9"]
[EventCountry "CAN"]
[EventCategory "4"]
[TimeControl "5400"]

1. d4 d5 2. c4 c6 3. Nc3 Nf6 4. e3 e6 5. Nf3 Nbd7 6. Qc2 Bd6 7. Bd3 dxc4 8.
Bxc4 b5 9. Bd3 Bb7 10. O-O O-O 11. a3 a6 12. b4 a5 13. Rb1 Qe7 14. Qb3 axb4 15.
axb4 Nd5 16. Ne4 Ra4 17. Nxd6 Qxd6 18. Bd2 Rfa8 19. e4 N5b6 20. Qd1 Nc4 21. Qe2
g6 22. Bxc4 bxc4 23. Bc3 Ra3 24. Rfc1 Nb6 25. Nd2 Qd7 26. Qe3 Ba6 27. Nf3 Na4
28. Ra1 Rxa1 29. Rxa1 Nxc3 30. Qxc3 f6 31. h4 Qb7 32. Nd2 Kf7 33. Kh2 Ra7 34.
Nxc4 Bxc4 35. Rxa7 Qxa7 36. Qxc4 Qc7+ 37. g3 Qd7 38. Qc5 h5 39. Kg2 Kg7 40. Kf1
Kf7 41. Ke2 Qb7 42. Kf3 Qd7 43. e5 f5 44. Qd6 Qb7 45. Kf4 Qa7 46. Qd8 Qa3 47.
Qf6+ Ke8 48. Qxe6+ Kd8 49. Qd6+ 1-0

[Event "Edmonton int."]
[Site "Edmonton CAN"]
[Date "2011.07.29"]
[Round "4"]
[White "Melekhina, Alisa"]
[Black "Porper, Edward"]
[Result "0-1"]
[WhiteElo "2263"]
[BlackElo "2444"]
[PlyCount "124"]
[EventDate "2011.07.24"]
[EventType "tourn"]
[EventRounds "9"]
[EventCountry "CAN"]
[EventCategory "4"]
[TimeControl "5400"]

1. e4 Nf6 2. e5 Nd5 3. c4 Nb6 4. c5 Nd5 5. Nc3 e6 6. d4 b6 7. Nxd5 exd5 8. Be3
Nc6 9. Nf3 Rb8 10. a3 a5 11. Qd2 Be7 12. Bd3 bxc5 13. dxc5 d4 14. Bxd4 Nxd4 15.
Nxd4 Bxc5 16. Nf5 O-O 17. Qxa5 d6 18. O-O Bxf5 19. Bxf5 Qg5 20. Bh3 Rxb2 21.
Qc3 Qxe5 22. Qxe5 dxe5 23. a4 Ra8 24. Bd7 Rd8 25. Bc6 Rd6 26. Bf3 Rdd2 27. a5
Ra2 28. Kh1 Rxf2 29. Rfd1 Rxa1 30. Rxa1 Bd4 31. Rb1 g6 32. Bd5 Kg7 33. a6 Rd2
34. h3 Bc5 35. Bc4 e4 36. Ra1 Ba7 37. Rb1 e3 38. Rb7 Bd4 39. Rb4 Rd1+ 40. Kh2
Ra1 41. Kg3 Bb6 42. Kf3 Kf6 43. Ke4 Ra5 44. Rb1 Ke7 45. Rb5 f5+ 46. Kf3 Ra4 47.
Re5+ Kd6 48. Re6+ Kc5 49. Be2 Kd5 50. Re7 g5 51. Rxh7 Rf4+ 52. Kg3 Rf2 53. Bf3+
Kd6 54. Rh6+ Ke7 55. Bd5 Bd4 56. Re6+ Kd7 57. h4 c6 58. Bc4 gxh4+ 59. Kh3 Rc2
60. Bb3 Rc3 61. Ba2 e2+ 62. Kxh4 Re3 0-1

[Event "Edmonton int."]
[Site "Edmonton CAN"]
[Date "2011.07.30"]
[Round "5"]
[White "Porper, Edward"]
[Black "Abrahamyan, Tatev"]
[Result "0-1"]
[WhiteElo "2444"]
[BlackElo "2343"]
[PlyCount "106"]
[EventDate "2011.07.24"]
[EventType "tourn"]
[EventRounds "9"]
[EventCountry "CAN"]
[EventCategory "4"]

1. d4 Nf6 2. c4 e6 3. Nf3 b6 4. Nc3 Bb4 5. Bg5 h6 6. Bh4 g5 7. Bg3 Ne4 8. Qc2
Bb7 9. e3 f5 10. Nd2 Bxc3 11. bxc3 d6 12. f3 Nxg3 13. hxg3 Qf6 14. Bd3 Nd7 15.
Qa4 Qg7 16. c5 dxc5 17. Bb5 cxd4 18. cxd4 a6 19. Bc6 O-O-O 20. Nc4 Nb8 21.
Bxb7+ Kxb7 22. Qc2 h5 23. Rb1 h4 24. g4 Rd5 25. gxf5 exf5 26. Ne5 f4 27. Qe4
Rhd8 28. O-O Ka7 29. Rfd1 fxe3 30. Qxe3 c5 31. Qb3 Qc7 32. Rbc1 Rxd4 33. Rxd4
Rxd4 34. Qe6 Rd6 35. Qe8 Rd8 36. Qe6 Qd6 37. Qf7+ Ka8 38. Nc4 Qc6 39. Re1 Rd7
40. Qg8 Qc7 41. Qxg5 h3 42. Qe5 b5 43. Qe4+ Ka7 44. Ne5 Rd4 45. Qf5 hxg2 46.
Ng6 Nd7 47. f4 c4 48. Qe6 Rd3 49. Ne7 Qb6+ 50. Qxb6+ Kxb6 51. f5 Rd2 52. f6 c3
53. Re6+ Ka5 0-1